[Event "SVR-ch Seniors"]
[Site "Lahnstein"]
[Date "2019.04.14"]
[Round "4"]
[White "Burg, Ernst"]
[Black "Wessely, Guenter"]
[Result "1-0"]
[WhiteElo "1895"]
[BlackElo "1665"]
[PlyCount "89"]
[EventDate "2019.04.13"]
[EventType "swiss"]
[EventRounds "7"]
[EventCountry "GER"]
[SourceTitle "EXT 2021"]
[Source "ChessBase"]
[SourceDate "2020.10.23"]
[SourceVersion "1"]
[SourceVersionDate "2020.10.23"]
[SourceQuality "1"]

1. e4 e5 2. Bc4 Nc6 3. d3 Na5 4. Nd2 Nf6 5. a4 Nxc4 6. Nxc4 d6 7. Ne2 Be6 8. Ng3 Be7 9. Ne3 g6 10. 0-0 Qd7 11. c4 c6 12. b4 h5 13. h3 h4 14. Ne2 g5 15. f3 Nh5 16. Ng4 f5 17. exf5 Bxf5 18. Bb2 Nf4 19. d4 Qe6 20. Nxf4 gxf4 21. dxe5 0-0-0 22. exd6 Rxd6 23. Qe1 Re8 24. c5 Rd3 25. Qxe6+ Bxe6 26. Rfe1 Rb3 27. Ba3 Bf8 28. Reb1 Rd3 29. Bb2 Bf5 30. Bf6 Rd2 31. Re1 Rxe1+ 32. Rxe1 Kd7 33. Ne5+ Kc7 34. Nf7 a5 35. Re8 axb4 36. Rxf8 Ra2 37. Nd6 Bd3 38. Rf7+ Kb8 39. Rxb7+ Ka8 40. Rxb4 Ka7 41. Rxf4 Rc2 42. Bxh4 Rc1+ 43. Kh2 Ka6 44. Bf2 Rc2 45. Kg3 1-0

[Event "Rheinland Pfalz op 10th"]
[Site "Nickenich"]
[Date "2018.06.01"]
[Round "3"]
[White "Pikatz, Frank"]
[Black "Burg, Ernst"]
[Result "1-0"]
[WhiteElo "1657"]
[BlackElo "1933"]
[PlyCount "93"]
[EventDate "2018.05.31"]
[EventType "swiss"]
[EventRounds "7"]
[EventCountry "GER"]
[SourceTitle "EXT 2019"]
[Source "ChessBase"]
[SourceDate "2018.10.10"]
[SourceVersion "1"]
[SourceVersionDate "2018.10.10"]
[SourceQuality "1"]

1. Nf3 g6 2. g3 Bg7 3. Bg2 e5 4. d3 d5 5. Nbd2 Ne7 6. e4 c6 7. 0-0 0-0 8. Re1 d4 9. Nc4 Bg4 10. h3 Bxf3 11. Bxf3 c5 12. a4 Nbc6 13. Bd2 h6 14. Bg2 g5 15. Qg4 Ng6 16. Rf1 Qe7 17. a5 Rab8 18. f4 exf4 19. gxf4 gxf4 20. Rxf4 Nxf4 21. Bxf4 Rbd8 22. Bxh6 f6 23. Re1 Kh8 24. Bf4 Ne5 25. Qh5+ Kg8 26. Nxe5 fxe5 27. Bg5 Bf6 28. Bh6 Rf7 29. Qg6+ Kh8 30. Rf1 Rg8 31. Qf5 Rg3 32. Kh2 Rg8 33. Rf2 b5 34. Bf1 a6 35. Be2 Bg5 36. Qxf7 Qxf7 37. Rxf7 Bxh6 38. Rf6 Bf4+ 39. Kh1 Rg3 40. Bg4 c4 41. dxc4 bxc4 42. Rxa6 d3 43. cxd3 cxd3 44. Rd6 d2 45. a6 Re3 46. a7 Re1+ 47. Kg2 1-0

[Event "Rheinland-chT Seniors 1617"]
[Site "Germany"]
[Date "2016.10.06"]
[Round "1"]
[White "Steger, Wolfgang"]
[Black "Burg, Ernst"]
[Result "1-0"]
[WhiteElo "1796"]
[BlackElo "1711"]
[PlyCount "71"]
[EventDate "2016.10.06"]
[EventType "team-tourn"]
[EventRounds "7"]
[EventCountry "GER"]
[SourceTitle "EXT 2018"]
[Source "ChessBase"]
[SourceDate "2017.10.13"]
[SourceVersion "1"]
[SourceVersionDate "2017.10.13"]
[SourceQuality "1"]

1. d4 g6 2. c4 Bg7 3. Nc3 d6 4. e4 Nd7 5. Be3 e6 6. Nf3 Ne7 7. Be2 h6 8. Qd2 a6 9. 0-0 g5 10. Rac1 0-0 11. b4 f5 12. exf5 exf5 13. d5 Ng6 14. Bd4 Nde5 15. h3 g4 16. Nxe5 Nxe5 17. Bxe5 dxe5 18. hxg4 fxg4 19. Ne4 Bf5 20. Ng3 Qh4 21. c5 Rf6 22. d6 cxd6 23. cxd6 Be6 24. d7 Rf4 25. Qd6 Bxd7 26. Qxd7 Rxb4 27. Qe6+ Kh8 28. Rc8+ Rxc8 29. Qxc8+ Kh7 30. Bd3+ e4 31. Bxe4+ Rxe4 32. Nxe4 Qe7 33. Qf5+ Kg8 34. Rc1 Bf8 35. Qg6+ Kh8 36. Nf6 1-0

[Event "SVR-ch Seniors 38th"]
[Site "Nickenich"]
[Date "2015.04.04"]
[Round "7"]
[White "Best, Ingeborg"]
[Black "Burg, Ernst"]
[Result "1-0"]
[WhiteElo "1661"]
[BlackElo "1771"]
[PlyCount "105"]
[EventDate "2015.03.27"]
[EventType "swiss"]
[EventRounds "7"]
[EventCountry "GER"]
[SourceTitle "EXT 2016"]
[Source "ChessBase"]
[SourceDate "2015.10.08"]
[SourceVersion "1"]
[SourceVersionDate "2015.10.08"]
[SourceQuality "1"]

1. d4 g6 2. c4 e6 3. Nf3 Bg7 4. e4 Ne7 5. Nc3 d6 6. Be2 Nd7 7. Bd2 a6 8. 0-0 0-0 9. Bd3 f5 10. exf5 exf5 11. Qb3 Nf6 12. c5+ Kh8 13. cxd6 cxd6 14. d5 g5 15. Nd4 Ne4 16. Bxe4 Bxd4 17. Bd3 Ng6 18. Ne2 Be5 19. Bc3 Qf6 20. f4 gxf4 21. Nxf4 Rg8 22. Nxg6+ Qxg6 23. Qc2 Qf6 24. Bxf5 Bxf5 25. Rxf5 Qh4 26. Bxe5+ dxe5 27. Rf7 Rg7 28. Rxg7 Kxg7 29. Qc7+ Kg6 30. Qxe5 Rf8 31. Rf1 Rxf1+ 32. Kxf1 Qc4+ 33. Kf2 h5 34. d6 Qc2+ 35. Ke3 Qc1+ 36. Kf3 Qd1+ 37. Ke4 Qc2+ 38. Kd5 Qc6+ 39. Kd4 Qb6+ 40. Ke4 Qc6+ 41. Qd5 Qa4+ 42. Ke3 Qd7 43. Qe4+ Kf6 44. Qe7+ Qxe7+ 45. dxe7 Kxe7 46. h4 b5 47. b4 Kd6 48. Ke4 Ke6 49. Kf4 Kd5 50. Kg5 Kc4 51. Kxh5 Kxb4 52. Kg5 Ka3 53. h5 1-0

[Event "SVR-ch Seniors 38th"]
[Site "Nickenich"]
[Date "2015.03.29"]
[Round "3"]
[White "Kohlei, Rolf"]
[Black "Burg, Ernst"]
[Result "1-0"]
[WhiteElo "1957"]
[BlackElo "1771"]
[PlyCount "99"]
[EventDate "2015.03.27"]
[EventType "swiss"]
[EventRounds "7"]
[EventCountry "GER"]
[SourceTitle "EXT 2016"]
[Source "ChessBase"]
[SourceDate "2015.10.08"]
[SourceVersion "1"]
[SourceVersionDate "2015.10.08"]
[SourceQuality "1"]

1. Nf3 g6 2. c4 d6 3. d4 Bg7 4. Nc3 e6 5. e4 Ne7 6. Be3 Nd7 7. Qd2 h6 8. 0-0-0 c6 9. Ne1 a6 10. f4 b5 11. b3 Qa5 12. e5 bxc4 13. bxc4 Rb8 14. Nb1 Qb6 15. Na3 d5 16. c5 Qa7 17. Qa5 Nf5 18. Bf2 g5 19. g4 Ne7 20. Nd3 gxf4 21. Nxf4 Ng6 22. Nh5 Bf8 23. Bd3 Be7 24. h4 Bd8 25. Qc3 a5 26. Qc2 Rg8 27. Qd2 Qb7 28. Rh3 a4 29. Qc2 Qb4 30. Nb1 a3 31. Rd2 Ngxe5 32. dxe5 Rxg4 33. Be2 Rg2 34. Rb3 Qa4 35. Rxb8 Qxc2+ 36. Kxc2 Nxb8 37. Bf3 Rh2 38. Bg3 Rxd2+ 39. Nxd2 Nd7 40. Nb3 f5 41. exf6 Nxf6 42. Nd4 Bd7 43. Kb3 Ne4 44. Bxe4 dxe4 45. Kxa3 Ba5 46. Nf6+ Ke7 47. Nxe4 Kf7 48. Kb3 Bd8 49. Nf3 Kg6 50. Ne5+ 1-0

[Event "SVR-op 36th"]
[Site "Idar Oberstein"]
[Date "2013.03.28"]
[Round "5"]
[White "Burg, Ernst"]
[Black "Marquardt, Christian"]
[Result "0-1"]
[WhiteElo "1874"]
[BlackElo "2075"]
[PlyCount "92"]
[EventDate "2013.03.23"]
[EventType "swiss"]
[EventRounds "7"]
[EventCountry "GER"]
[SourceTitle "EXT 2014"]
[Source "ChessBase"]
[SourceDate "2013.11.20"]
[SourceVersion "1"]
[SourceVersionDate "2013.11.20"]
[SourceQuality "1"]

1. e4 c6 2. f4 d5 3. e5 Bf5 4. d4 e6 5. Nf3 Nd7 6. c4 dxc4 7. Bxc4 Nb6 8. Bb3 Ne7 9. 0-0 Ned5 10. Nc3 Be7 11. h3 h5 12. a3 g6 13. Bc2 Qd7 14. Ne4 0-0-0 15. Qe1 Kb8 16. b4 Bxe4 17. Bxe4 Rhe8 18. Bd2 Rc8 19. Bd3 Na4 20. Bc4 b5 21. Bb3 Ndb6 22. Be3 Red8 23. Rc1 Nb2 24. Rc2 N2c4 25. Bc1 Qe8 26. a4 Qf8 27. axb5 Bxb4 28. Qe2 cxb5 29. Ra2 Qe8 30. Ra6 Rc7 31. Qa2 Qc6 32. Kh2 Qb7 33. f5 Na4 34. Rxa4 bxa4 35. Bxc4 Rdc8 36. fxe6 Rxc4 37. Bf4 fxe6 38. Rf2 a3 39. Bg3 Qc6 40. Ng5 Be7 41. Nf3 Ka8 42. Ne1 Rxd4 43. Rf7 Rd7 44. Nf3 Qd5 45. Qxd5+ Rxd5 46. Rxe7 a2 0-1

[Event "Rheinland Pfalz op 2nd"]
[Site "Schweich"]
[Date "2010.07.18"]
[Round "6"]
[White "Burg, Ernst"]
[Black "Heilmann, Jean Michel"]
[Result "1-0"]
[WhiteElo "1713"]
[BlackElo "1475"]
[PlyCount "86"]
[EventDate "2010.07.16"]
[EventType "swiss"]
[EventRounds "7"]
[EventCountry "GER"]
[SourceTitle "EXT 2012"]
[Source "ChessBase"]
[SourceDate "2011.11.24"]
[SourceVersion "1"]
[SourceVersionDate "2011.11.24"]
[SourceQuality "1"]

1. e4 e6 2. d4 d5 3. exd5 exd5 4. c4 Be6 5. c5 c6 6. Nf3 Nd7 7. Bd3 Ngf6 8. 0-0 g6 9. b4 Bg7 10. Bb2 0-0 11. a4 a6 12. Nbd2 b6 13. Qc2 b5 14. Ne5 Qc7 15. f4 Nxe5 16. dxe5 Ng4 17. Rae1 f5 18. Nf3 Qd7 19. h3 Nh6 20. Ra1 Nf7 21. Nd4 Nh6 22. axb5 axb5 23. Ra5 Rxa5 24. bxa5 Ra8 25. Ra1 Ra6 26. Bc3 Kf7 27. Rb1 Bf8 28. Bb4 Qb7 29. Kh2 Ng8 30. Qe2 Qc7 31. g4 Nh6 32. gxf5 Nxf5 33. Nxf5 Bxf5 34. Bxf5 gxf5 35. Rg1 Ke6 36. Qg2 Ra7 37. Qg5 Qf7 38. Qd8 Qe7 39. Qc8+ Kf7 40. Qxc6 Qd7 41. Qf6+ Ke8 42. Rg8 Qf7 43. Qc6+ Qd7 1-0

[Event "SVR-op 33rd"]
[Site "Mendig"]
[Date "2010.04.02"]
[Round "6"]
[White "Burg, Ernst"]
[Black "Rocher, Karl"]
[Result "1-0"]
[WhiteElo "1808"]
[BlackElo "1329"]
[PlyCount "65"]
[EventDate "2010.03.27"]
[EventType "swiss"]
[EventRounds "7"]
[EventCountry "GER"]
[SourceTitle "EXT 2011"]
[Source "ChessBase"]
[SourceDate "2010.11.26"]
[SourceVersion "1"]
[SourceVersionDate "2010.11.26"]
[SourceQuality "1"]

1. e4 e5 2. Nc3 Nf6 3. Bc4 Nc6 4. a4 Bb4 5. Nge2 d6 6. 0-0 0-0 7. d3 Bg4 8. f3 Bh5 9. Ng3 Bc5+ 10. Kh1 h6 11. Bd2 Nd4 12. Qc1 Kh7 13. f4 Ng4 14. h3 Qh4 15. Be1 Ne6 16. Nf5 Qf6 17. hxg4 Bxg4 18. fxe5 Qg6 19. Bf2 Qh5+ 20. Kg1 Qg6 21. Bxc5 dxc5 22. Qe3 Ng5 23. Qg3 h5 24. Rf4 f6 25. e6 Rae8 26. Nd5 Nxe6 27. Nfe7 Rxe7 28. Nxe7 Qf7 29. Rxg4 Qxe7 30. Bxe6 Qxe6 31. Rxg7+ Kh8 32. Qg6 Qe8 33. Qh6# 1-0